000 00813nam a2200241 i 4500
001 bg
100 1 _aBŁĄDEK, Zenon
245 0 _aHotele :
_bprogramowanie, projektowanie, wyposażanie /
_cZenon Błądek ; [współaut. Włodzimierz Błądek, Sławomir Manikowski].
260 _aPoznań :
_b"Albus",
_ccop. 2001.
300 _a312 s. :
_bil. ;
_c30 cm +
_eZałącznik.
504 _aBibliogr.
650 9 _aHotelarstwo
_xbudownictwo
700 1 _aBŁĄDEK, Włodzimierz
700 1 _aMANIKOWSKI, Sławomir
020 _a8391609308
040 _cBPK
041 _apol
080 _a728.5:640.41/.42
920 _a83-916093-0-8
942 _cKS
008 s pl f |000 0 pol
999 _c41821
_d41821
856 _uhttp://koha.tu.koszalin.pl/cgi-bin/koha/opac-detail.pl?biblionumber=41821
_yKatalog online BPK